La carrière de Franck Ribéry - Statistiques

Statistiques générales
  • Ce quiz a été pris 127 fois
  • Le résultat moyen est 5 sur 9
Statistiques - réponses
Année Match But Club % Correct
2007 - 2019 425 124 Bayern Munich
97%
2005 - 2007 89 18 Olympique de Marseille
92%
2019 - 2021 51 5 ACF Fiorentina
83%
2004 - 2005 21 2 FC Metz
53%
2021 - 2022 25 0 US Salernitana
50%
2000 - 2002 29 6 US Boulogne
45%
2005 17 1 Galatasaray SK
44%
2003 - 2004 37 4 Stade Brestois 29
12%
2002 - 2003 19 1 Olympique d'Alès
5%
Aucun quiz correspondant
Distribution des résultats
% des personnes avec chaque résultat
Percentile par nombre de réponses
Votre historique - résultats
Vous n’avez pas pris ce quiz